000
00176 a2200097 4500
020
_a
156492078x
041
_a
spa
100
_a
Bell, Clarisa
245
_a
El circo
942
_c
BK
999
_c
30868
_d
30866